The god that failed / (Record no. 48206)
[ view plain ]
| 000 -LEADER | |
|---|---|
| fixed length control field | 00907cam a2200253 4500 |
| 001 - CONTROL NUMBER | |
| control field | 4573630 |
| 005 - DATE AND TIME OF LATEST TRANSACTION | |
| control field | 20191004083253.0 |
| 008 - FIXED-LENGTH DATA ELEMENTS--GENERAL INFORMATION | |
| fixed length control field | 710128r1972 nyu 000 0 eng |
| 010 ## - LIBRARY OF CONGRESS CONTROL NUMBER | |
| LC control number | 74167332 |
| 020 ## - INTERNATIONAL STANDARD BOOK NUMBER | |
| International Standard Book Number | 0836927664 |
| 040 ## - CATALOGING SOURCE | |
| Original cataloging agency | DLC |
| Transcribing agency | DLC |
| Modifying agency | DLC |
| 245 04 - TITLE STATEMENT | |
| Title | The god that failed / |
| Statement of responsibility, etc | by Arthur Koestler [and others] |
| 260 ## - PUBLICATION, DISTRIBUTION, ETC. (IMPRINT) | |
| Place of publication, distribution, etc | Freeport, N.Y.: |
| Name of publisher, distributor, etc | Bantam Books, |
| Date of publication, distribution, etc | [1972, c1949]. |
| 300 ## - PHYSICAL DESCRIPTION | |
| Extent | v, 273 p ; |
| Dimensions | 23 cm. |
| 336 ## - CONTENT TYPE | |
| Content Type Term | text |
| 337 ## - MEDIA TYPE | |
| Media Type Term | unmediated |
| 338 ## - CARRIER TYPE | |
| Carrier Type Term | volume |
| 490 0# - SERIES STATEMENT | |
| Series statement | Essay index reprint series |
| 505 0# - FORMATTED CONTENTS NOTE | |
| Formatted contents note | Introduction, by R. Crossman.--The initiates: Arthur Koestler. Ignazio Silone. Richard Wright.--Worshipers from afar: André Gide, presented by E. Starkie. Louis Fischer. Stephen Spender. |
| 650 #0 - SUBJECT ADDED ENTRY--TOPICAL TERM | |
| Topical term or geographic name as entry element | Communism. |
| 700 1# - ADDED ENTRY--PERSONAL NAME | |
| Personal name | Koestler, Arthur, |
| Dates associated with a name | 1905-1983. |
| 700 1# - ADDED ENTRY--PERSONAL NAME | |
| Personal name | Crossman, R. H. S. |
| Fuller form of name | (Richard Howard Stafford), |
| Dates associated with a name | 1907-1974, |
| Relator term | ed. |
| 942 ## - ADDED ENTRY ELEMENTS (KOHA) | |
| Source of classification or shelving scheme | Library of Congress Classification |
| Item type | Books |
| Withdrawn status | Lost status | Source of classification or shelving scheme | Damaged status | Not for loan | Home library | Current library | Shelving location | Date acquired | Source of acquisition | Inventory number | Total Checkouts | Full call number | Barcode | Date last seen | Price effective from | Koha item type |
|---|---|---|---|---|---|---|---|---|---|---|---|---|---|---|---|---|
| Library of Congress Classification | BSOP Library | BSOP Library | GC | 10/04/2019 | Caroll Herrmann | 7368 | HX56 G36 | 00020327 | 10/04/2019 | 10/04/2019 | Books |
